Megbocsátás

Elmentve itt :
Bibliográfiai részletek
Szerző: Kolnai Aurél
Adatforrás:Philobibl
Forrásdokumentuma:Mérleg
29.1993:1. p. 35-49.
Dokumentumtípus: Cikk
Nyelv:magyar
Kulcsszavak:etika
logika
megbocsátás
bűn
LEADER 00351nab a2200145 c 4500
001 bibPHI0044697
005 20200924125332.1
008 130916s1993 hu hun
100 1 |a Kolnai Aurél 
245 1 0 |a Megbocsátás  |c Kolnai Aurél 
695 |a etika 
695 |a logika 
695 |a megbocsátás 
695 |a bűn 
773 0 |t Mérleg  |g 29.1993:1. p. 35-49.